| 000 | 00944nam a22002537a 4500 | ||
|---|---|---|---|
| 003 | OSt | ||
| 005 | 20251201110909.0 | ||
| 008 | 251201b |||||||| |||| 00| 0 eng d | ||
| 020 | _a978-1-890627-86-7. | ||
| 040 |
_aDWCL-Main lib. _cOC |
||
| 082 |
_21st ed. _aCirc. 616.858842 S628f 2009 |
||
| 100 | _aSkotko, Brian | ||
| 245 |
_aFasten your seatbelt : _ba crash course on Down syndrome for brothers and sisters/ _cBrian Skotko |
||
| 250 | _a1st ed. | ||
| 260 |
_aBethesda, MD : _bWoodbine House, Inc. , _cc2009 |
||
| 300 |
_aviii, 191 p. : _bill. ; _c23 cm. |
||
| 504 | _aIncludes index. | ||
| 650 | _a1. Brothers and sisters-Juvenile literature | ||
| 650 | _a2. Down syndrome-Juvenile literature. | ||
| 650 | _a3. Down syndrome-Patients-Family relationships-Juvenle literature | ||
| 650 | _a4. People with mental disabilities-Juvenile literature. | ||
| 700 | _aLevine, Susan P. | ||
| 942 |
_2ddc _cBK-CIRC _e1st ed. _hCirc. _n0 |
||
| 999 |
_c6640 _d6640 |
||